000 00405nam a22001697a 4500
005 20250104193328.0
008 250104b |||||||| |||| 00| 0 eng d
020 _a9781035038107
041 _aEng
082 _a823 KAW
100 _aKawaguchi, Toshikazu
245 _aBefore Your Memory Fades
260 _aTokyo
_bPicador
_c2015
300 _a239;. P.
650 _aFiction; Literary
942 _cBK
999 _c43193
_d43193